[Event "ECF Charity Marathon UKR"]
[Site "Chess.com INT"]
[Date "2022.04.03"]
[Round "?"]
[White "Conlon, Joseph P"]
[Black "Hebden, Mark"]
[Result "0-1"]
[WhiteElo "2211"]
[BlackElo "2448"]
[PlyCount "122"]
[EventDate "2022.04.02"]
[EventType "swiss (blitz)"]
[EventRounds "74"]
[EventCountry "USA"]
[SourceTitle "CBM 207 Extra"]
[Source "ChessBase"]
[SourceDate "2022.05.31"]
[SourceVersion "1"]
[SourceVersionDate "2022.05.31"]
[SourceQuality "1"]

1. e4 e5 2. Nf3 Nc6 3. Bc4 Nf6 4. d3 Be7 5. c3 d6 6. h3 0-0 7. 0-0 Na5 8. Nbd2 Nxc4 9. dxc4 c6 10. Re1 Re8 11. Qc2 Bf8 12. Nf1 h6 13. Ne3 Be6 14. Rd1 Qc7 15. b3 Rad8 16. Nh4 d5 17. cxd5 cxd5 18. exd5 Nxd5 19. Nxd5 Bxd5 20. Bb2 b5 21. Nf5 Be6 22. Ne3 f6 23. c4 bxc4 24. bxc4 Bc5 25. Nd5 Bxd5 26. Rxd5 Rxd5 27. cxd5 Qd6 28. Rc1 Bb6 29. Qc6 Rd8 30. Qxd6 Rxd6 31. Rd1 Bd4 32. Bxd4 Rxd5 33. Kf1 exd4 34. Ke2 Ra5 35. Rxd4 Rxa2+ 36. Kf3 a5 37. Rd7 a4 38. Ra7 Kh7 39. Kg3 h5 40. h4 Kg6 41. Ra5 a3 42. f3 Ra1 43. Rb5 Rc1 44. Ra5 Rc3 45. Kf2 Rc2+ 46. Kg3 a2 47. Ra4 Kf7 48. Ra6 Ke7 49. Kh3 Kd7 50. g4 g6 51. f4 hxg4+ 52. Kxg4 f5+ 53. Kf3 Kc7 54. Ke3 Kb7 55. Ra4 Kb6 56. Kd3 Kb5 57. Ra8 Rh2 58. Kc3 Kc5 59. Ra5+ Kd6 60. Ra8 Kd5 61. Kd3 Rh3+ 0-1

[Event "ECF Charity Marathon UKR"]
[Site "Chess.com INT"]
[Date "2022.04.02"]
[Round "?"]
[White "Conlon, Joseph P"]
[Black "Brett, Andrew"]
[Result "1-0"]
[WhiteElo "2211"]
[BlackElo "2085"]
[PlyCount "55"]
[EventDate "2022.04.02"]
[EventType "swiss (blitz)"]
[EventRounds "74"]
[EventCountry "USA"]
[SourceTitle "CBM 207 Extra"]
[Source "ChessBase"]
[SourceDate "2022.05.31"]
[SourceVersion "1"]
[SourceVersionDate "2022.05.31"]
[SourceQuality "1"]

1. e4 e5 2. Nf3 Nc6 3. Bc4 Nf6 4. d3 Bc5 5. c3 0-0 6. 0-0 d5 7. exd5 Nxd5 8. Re1 Bg4 9. h3 Bh5 10. g4 Bg6 11. Nxe5 Nxe5 12. Rxe5 c6 13. Qf3 Bd6 14. Re1 f5 15. Bxd5+ cxd5 16. Qxd5+ Kh8 17. Qg2 fxg4 18. hxg4 Bxd3 19. Be3 Qf6 20. Nd2 Qg6 21. Rad1 Rae8 22. Bd4 Bc2 23. Rc1 Qd3 24. Rxe8 Rxe8 25. Qxb7 Be7 26. Re1 Qxd2 27. Rxe7 Qd1+ 28. Kh2 1-0

[Event "ECF Charity Marathon UKR"]
[Site "Chess.com INT"]
[Date "2022.04.02"]
[Round "?"]
[White "Conlon, Joseph P"]
[Black "Claridge Hansen, William"]
[Result "0-1"]
[WhiteElo "2211"]
[BlackElo "2318"]
[PlyCount "26"]
[EventDate "2022.04.02"]
[EventType "swiss (blitz)"]
[EventRounds "74"]
[EventCountry "USA"]
[SourceTitle "CBM 207 Extra"]
[Source "ChessBase"]
[SourceDate "2022.05.31"]
[SourceVersion "1"]
[SourceVersionDate "2022.05.31"]
[SourceQuality "1"]

1. e4 d5 2. exd5 Qxd5 3. Nc3 Qd6 4. d4 Nf6 5. Nf3 c6 6. Ne5 Nbd7 7. Bf4 Nd5 8. Nxd5 Qxd5 9. Bc4 Qe4+ 10. Be3 Nxe5 11. dxe5 Qxc4 12. Qf3 Bg4 13. Qg3 Qe2# 0-1

[Event "ECF Charity Marathon UKR"]
[Site "Chess.com INT"]
[Date "2022.04.02"]
[Round "?"]
[White "Conlon, Joseph P"]
[Black "Williams, Simon Kim"]
[Result "0-1"]
[WhiteElo "2211"]
[BlackElo "2464"]
[PlyCount "84"]
[EventDate "2022.04.02"]
[EventType "swiss (blitz)"]
[EventRounds "74"]
[EventCountry "USA"]
[SourceTitle "CBM 207 Extra"]
[Source "ChessBase"]
[SourceDate "2022.05.31"]
[SourceVersion "1"]
[SourceVersionDate "2022.05.31"]
[SourceQuality "1"]

1. e4 d6 2. c4 g6 3. Nc3 Bg7 4. g3 c5 5. Bg2 Nc6 6. Nge2 Nf6 7. 0-0 0-0 8. f4 Rb8 9. d3 a6 10. a4 Bd7 11. Kh1 Ne8 12. Be3 Nd4 13. Bxd4 cxd4 14. Nb1 b5 15. axb5 axb5 16. b3 Nc7 17. Nd2 bxc4 18. bxc4 Ne6 19. Nf3 Qb6 20. Rb1 Qxb1 21. Qxb1 Rxb1 22. Rxb1 Nc5 23. Nfxd4 Nxd3 24. Rb7 Rd8 25. h3 Kf8 26. Kh2 h5 27. Bf1 h4 28. gxh4 Nxf4 29. Nxf4 Bxd4 30. Kg3 Bc6 31. Rc7 Bxe4 32. Nd5 Be5+ 33. Kf2 e6 34. Ne3 Rb8 35. c5 Rb2+ 36. Be2 Bd3 37. cxd6 Rxe2+ 38. Kf3 Rd2 39. Rc8+ Kg7 40. d7 Be2+ 41. Ke4 Bf6 42. Rc7 Rd4# 0-1

[Event "Checkmate Covid Rematch"]
[Site "Chess.com INT"]
[Date "2021.06.06"]
[Round "?"]
[White "Rizvi, Nasir"]
[Black "Conlon, Joseph P"]
[Result "1-0"]
[WhiteElo "1989"]
[BlackElo "2211"]
[PlyCount "93"]
[EventDate "2021.06.05"]
[EventType "swiss (blitz)"]
[EventRounds "20"]
[EventCountry "ENG"]
[SourceTitle "CBM 202 Extra"]
[Source "ChessBase"]
[SourceDate "2021.07.31"]
[SourceVersion "1"]
[SourceVersionDate "2021.07.31"]
[SourceQuality "1"]

1. d4 Nf6 2. Nc3 g6 3. e4 d6 4. Be3 Bg7 5. Qd2 Nbd7 6. f3 c5 7. Nge2 e5 8. dxc5 dxc5 9. 0-0-0 0-0 10. Bh6 b5 11. h4 b4 12. Nb1 Ba6 13. h5 Bxe2 14. Bxe2 Qc7 15. hxg6 fxg6 16. Bc4+ Kh8 17. Bxg7+ Kxg7 18. Qh6+ Kh8 19. Qxg6 Nb6 20. Be2 Qg7 21. Qh6 Rad8 22. Rxd8 Rxd8 23. Qxg7+ Kxg7 24. Nd2 Kg6 25. Nc4 Nxc4 26. Bxc4 Nh5 27. Bf7+ Kxf7 28. Rxh5 Rg8 29. g4 Kf6 30. Rxh7 Rc8 31. Rxa7 c4 32. Rb7 Kg5 33. Rxb4 Kf4 34. a4 Ke3 35. g5 Kxf3 36. g6 Kxe4 37. b3 Kf5 38. Rxc4 Re8 39. g7 e4 40. Kd2 Kf4 41. Ke2 Rg8 42. Rc7 Ke5 43. a5 Kd5 44. Ke3 Kd6 45. Ra7 Kc6 46. Kxe4 Kb5 47. Kf5 1-0

[Event "Titled Tuesday intern op 12th Jan"]
[Site "Chess.com INT"]
[Date "2021.01.12"]
[Round "4"]
[White "Safin, Robert"]
[Black "Conlon, Joseph P"]
[Result "0-1"]
[WhiteElo "2283"]
[BlackElo "2211"]
[PlyCount "76"]
[EventDate "2021.01.12"]
[EventType "swiss (blitz)"]
[EventRounds "11"]
[EventCountry "USA"]
[SourceTitle "CBM 200 Extra"]
[Source "ChessBase"]
[SourceDate "2021.03.31"]
[SourceVersion "1"]
[SourceVersionDate "2021.03.31"]
[SourceQuality "1"]

1. d4 Nf6 2. Nf3 g6 3. g3 d6 4. Bg2 Bg7 5. 0-0 0-0 6. Nc3 Nbd7 7. a4 c5 8. a5 a6 9. e4 cxd4 10. Nxd4 Nc5 11. h3 e5 12. Nde2 Qc7 13. Bg5 Be6 14. Bxf6 Bxf6 15. Nd5 Bxd5 16. Qxd5 Rac8 17. Rfd1 Ne6 18. c3 Rfd8 19. Ra4 Qc6 20. Rb4 Rd7 21. Rb6 Qxd5 22. Rxd5 Bd8 23. Rbxd6 Rxd6 24. Rxd6 Bxa5 25. f4 Bc7 26. Rd5 exf4 27. gxf4 Bxf4 28. e5 Be3+ 29. Kf1 Rd8 30. Rd6 Bc5 31. Rxd8+ Nxd8 32. Nd4 Kf8 33. b4 Bb6 34. Ke2 Bc7 35. Nf3 Nc6 36. Nd4 Bxe5 37. Nxc6 bxc6 38. Bd5 cxd5 0-1

[Event "BCF-chT1a 0910 (4NCL)"]
[Site "England"]
[Date "2009.10.24"]
[Round "1.3"]
[White "Hebden, Mark"]
[Black "Conlon, Joseph P"]
[Result "1-0"]
[WhiteElo "2548"]
[BlackElo "2208"]
[PlyCount "53"]
[EventDate "2009.10.24"]
[EventType "team-tourn"]
[EventRounds "7"]
[EventCountry "ENG"]
[SourceTitle "EXT 2011"]
[Source "ChessBase"]
[SourceDate "2010.11.26"]
[SourceVersion "1"]
[SourceVersionDate "2010.11.26"]
[SourceQuality "1"]
[WhiteTeam "Pride and Prejudice"]
[BlackTeam "Cambridge University"]
[WhiteTeamCountry "ENG"]
[BlackTeamCountry "ENG"]

1. d4 Nf6 2. Nf3 g6 3. Nc3 Bg7 4. e4 d6 5. Be3 Ng4 6. Bg5 h6 7. Bh4 g5 8. Bg3 Nf6 9. Bc4 Nc6 10. d5 g4 11. dxc6 gxf3 12. e5 fxg2 13. Rg1 bxc6 14. exf6 Bxf6 15. Qh5 e6 16. Ne4 Rb8 17. c3 Rxb2 18. 0-0-0 Rb7 19. Rxg2 Qe7 20. Kc2 e5 21. Qf3 Bg7 22. Bh4 Qxh4 23. Rxg7 Kd8 24. Rxf7 Bg4 25. Rf8+ Rxf8 26. Qxf8+ Kd7 27. Nc5# 1-0

[Event "BCF-chT 0708 (4NCL)"]
[Site "Sunningdale"]
[Date "2008.05.05"]
[Round "11.5"]
[White "Conlon, Joseph P"]
[Black "Williams, Samuel G"]
[Result "1/2-1/2"]
[WhiteElo "2194"]
[BlackElo "2254"]
[PlyCount "164"]
[EventDate "2007.09.15"]
[EventType "team-tourn"]
[EventRounds "11"]
[EventCountry "ENG"]
[SourceTitle "EXT 2008"]
[Source "ChessBase"]
[SourceDate "2007.11.25"]
[SourceVersion "1"]
[SourceVersionDate "2007.11.25"]
[SourceQuality "1"]
[WhiteTeam "Cambridge"]
[BlackTeam "Sambuca Sharks"]
[WhiteTeamCountry "ENG"]
[BlackTeamCountry "ENG"]

1. e4 c5 2. Nf3 Nc6 3. d4 cxd4 4. Nxd4 Nf6 5. Nc3 e5 6. Ndb5 d6 7. Bg5 a6 8. Bxf6 gxf6 9. Na3 b5 10. Nd5 f5 11. Bd3 Be6 12. c3 Bg7 13. Qh5 0-0 14. Ne3 f4 15. Nf5 Bxf5 16. exf5 e4 17. Bxe4 Re8 18. f3 b4 19. Nc4 Ne5 20. Nxe5 Rxe5 21. 0-0 d5 22. Bd3 bxc3 23. bxc3 Qb6+ 24. Kh1 Qe3 25. Rad1 Rc8 26. Qh4 Rxc3 27. f6 Bxf6 28. Qxf6 Rxd3 29. Qxe5 Qxe5 30. Rxd3 Qe2 31. Rfd1 Qxa2 32. Rxd5 a5 33. R5d2 Qa3 34. h3 Kg7 35. Kh2 a4 36. Rd4 Qa2 37. Rxf4 h5 38. Rfd4 a3 39. R4d2 Qe6 40. Kh1 Qc4 41. Ra1 Qc3 42. Rda2 Kg6 43. Rxa3 Qe5 44. Ra6+ f6 45. R6a5 Qc3 46. R5a3 Qb2 47. Ra4 Qc3 48. Rd1 Qb3 49. Rad4 Qc2 50. Re1 Qf2 51. Rde4 Qd2 52. Kh2 Qd6+ 53. f4 Qd2 54. R1e2 Qd3 55. R4e3 Qc4 56. Rf2 Kf5 57. Rff3 Qd4 58. Re8 Qd5 59. Rh8 Ke4 60. f5 Qe5+ 61. Kg1 Qc5+ 62. Rf2 Qc1+ 63. Rf1 Qg5 64. Re8+ Kd3 65. Rf3+ Kd4 66. Re1 Qd2 67. Rff1 Qh6 68. Kh1 Kd3 69. Re6 Qg5 70. Rf3+ Kd4 71. Kh2 Kd5 72. Rf1 Kd4 73. Re2 Kd3 74. Rff2 Qc1 75. h4 Qc7+ 76. g3 Qc5 77. Rc2 Qb6 78. Rb2 Qc5 79. Rf4 Qe5 80. Rbf2 Qc5 81. R2f3+ Ke2 82. Kg2 Qd5 1/2-1/2

[Event "BCF-chT 0708 (4NCL)"]
[Site "Sunningdale"]
[Date "2008.05.04"]
[Round "10.5"]
[White "Twyble, Michael"]
[Black "Conlon, Joseph P"]
[Result "0-1"]
[WhiteElo "2267"]
[BlackElo "2194"]
[PlyCount "62"]
[EventDate "2007.09.15"]
[EventType "team-tourn"]
[EventRounds "11"]
[EventCountry "ENG"]
[SourceTitle "EXT 2008"]
[Source "ChessBase"]
[SourceDate "2007.11.25"]
[SourceVersion "1"]
[SourceVersionDate "2007.11.25"]
[SourceQuality "1"]
[WhiteTeam "Barbican II"]
[BlackTeam "Cambridge"]
[WhiteTeamCountry "ENG"]
[BlackTeamCountry "ENG"]

1. Nf3 Nf6 2. c4 g6 3. Nc3 Bg7 4. e4 d6 5. d4 0-0 6. Be2 e5 7. d5 Nbd7 8. Be3 h6 9. Nd2 Nh7 10. b4 f5 11. f3 Ndf6 12. 0-0 Nh5 13. Re1 Nf4 14. Bf1 g5 15. exf5 Bxf5 16. Nde4 h5 17. c5 a6 18. Rc1 g4 19. fxg4 Bxg4 20. Qd2 Ng5 21. Nxg5 Qxg5 22. b5 Bh6 23. bxa6 bxa6 24. cxd6 cxd6 25. Ne4 Qg6 26. Nxd6 Rad8 27. Nb7 Rd7 28. Nc5 Rg7 29. Nd3 Nxg2 30. Bxh6 Nxe1 31. Nxe1 Be2+ 0-1

[Event "BCF-chT2 0607 (4NCL)"]
[Site "Sunningdale"]
[Date "2007.01.13"]
[Round "5.4"]
[White "James, Russell A"]
[Black "Conlon, Joseph P"]
[Result "1/2-1/2"]
[WhiteElo "2233"]
[BlackElo "2207"]
[PlyCount "100"]
[EventDate "2006.09.16"]
[EventType "team"]
[EventRounds "11"]
[EventCountry "ENG"]
[SourceTitle "EXT 2008"]
[Source "ChessBase"]
[SourceDate "2007.11.25"]
[SourceVersion "1"]
[SourceVersionDate "2007.11.25"]
[SourceQuality "1"]
[WhiteTeam "Warwicks Select"]
[BlackTeam "Cambridge"]
[WhiteTeamCountry "ENG"]
[BlackTeamCountry "ENG"]

1. d4 Nf6 2. Bg5 Ne4 3. Bf4 d5 4. e3 c5 5. Bd3 cxd4 6. exd4 Qb6 7. Bxe4 dxe4 8. Ne2 g5 9. Be5 f6 10. Bxb8 Rxb8 11. Nbc3 f5 12. Qd2 Bh6 13. 0-0-0 Qd6 14. g4 b5 15. Kb1 b4 16. Na4 f4 17. Nc5 Qd5 18. h3 0-0 19. Nc1 f3 20. Rhe1 Rf4 21. Qe3 Rb6 22. Qb3 e6 23. Qa4 a6 24. N1b3 Bg7 25. Qa5 Rb5 26. Qc7 Bb7 27. Nxb7 Rxb7 28. Qa5 Qxa5 29. Nxa5 Rd7 30. c3 h5 31. Rg1 Kh7 32. Rde1 Kh6 33. Nb3 Rd6 34. Nc5 bxc3 35. bxc3 e5 36. dxe5 Rd2 37. Nxe4 Re2 38. Rxe2 fxe2 39. Ng3 Rxf2 40. Re1 Bxe5 41. Nxe2 Rh2 42. Ng1 Bxc3 43. Re6+ Kg7 44. gxh5 Rb2+ 45. Kc1 Rxa2 46. Nf3 Bf6 47. h6+ Kf7 48. Rb6 Re2 49. h7 Re8 50. Rxa6 Rh8 1/2-1/2

[Event "BCF-chT3 0405 (4NCL)"]
[Site "Telford"]
[Date "2005.05.28"]
[Round "9.4"]
[White "Morgan, Ben"]
[Black "Conlon, Joseph P"]
[Result "1-0"]
[WhiteElo "2239"]
[BlackElo "2207"]
[PlyCount "103"]
[EventDate "2004.11.06"]
[EventType "team"]
[EventRounds "11"]
[EventCountry "ENG"]
[SourceTitle "EXT 2006"]
[Source "ChessBase"]
[SourceDate "2005.11.24"]
[SourceVersion "1"]
[SourceVersionDate "2005.11.24"]
[SourceQuality "1"]
[WhiteTeam "Poisoned Pawns"]
[BlackTeam "Cambridge"]
[WhiteTeamCountry "ENG"]
[BlackTeamCountry "ENG"]

1. d4 Nf6 2. c4 g6 3. Nc3 Bg7 4. e4 d6 5. Nf3 0-0 6. h3 e5 7. d5 Nh5 8. Nh2 a5 9. g3 Na6 10. Be2 Nc5 11. Be3 Nf6 12. Bf3 Ne8 13. g4 f5 14. gxf5 gxf5 15. Nf1 Qh4 16. Bxc5 dxc5 17. Qe2 Nd6 18. Ng3 Kh8 19. 0-0-0 Qf4+ 20. Kb1 fxe4 21. Bxe4 Qxf2 22. Qh5 Nxe4 23. Ncxe4 Bf5 24. Ka1 Bg6 25. Qxg6 hxg6 26. Nxf2 Rxf2 27. Ne4 Re2 28. Nxc5 e4 29. Ne6 Bxb2+ 30. Kb1 Be5 31. Rhe1 Rb2+ 32. Kc1 Rxa2 33. Rxe4 Ra1+ 34. Kc2 Rxd1 35. Kxd1 Bg3 36. Kc2 a4 37. Kb2 Ra5 38. Nxc7 Bxc7 39. Re8+ Kg7 40. Re7+ Kf6 41. Rxc7 Ra8 42. Ka3 Rh8 43. Kxa4 Rxh3 44. Rxb7 g5 45. Rb2 Rh8 46. Re2 g4 47. Kb5 g3 48. c5 Rh2 49. Re1 Rb2+ 50. Kc6 g2 51. d6 Re2 52. Rg1 1-0

[Event "BCF-chT3 0102 (4NCL)"]
[Site "Birmingham"]
[Date "2002.03.23"]
[Round "7.1"]
[White "Conlon, Joseph P"]
[Black "MacDonald Ross, Michael"]
[Result "1/2-1/2"]
[WhiteElo "2215"]
[BlackElo "2172"]
[PlyCount "86"]
[EventDate "2001.09.??"]
[EventType "team"]
[EventRounds "11"]
[EventCountry "ENG"]
[SourceTitle "EXT 2003"]
[Source "ChessBase"]
[SourceDate "2002.11.25"]
[SourceVersion "1"]
[SourceVersionDate "2002.11.25"]
[SourceQuality "1"]
[WhiteTeam "Mindsports"]
[BlackTeam "Milton Keynes"]
[WhiteTeamCountry "ENG"]
[BlackTeamCountry "ENG"]

1. e4 c6 2. d4 d5 3. Nd2 dxe4 4. Nxe4 Nf6 5. Ng3 h5 6. h4 Bg4 7. Be2 Qc7 8. Bg5 Nbd7 9. Bxg4 hxg4 10. Qd2 0-0-0 11. 0-0-0 e6 12. N1e2 Bd6 13. c4 c5 14. Kb1 Kb8 15. dxc5 Nxc5 16. Qc2 Be5 17. Rd2 Rxd2 18. Bxd2 Rd8 19. Bc3 Bxc3 20. Nxc3 a6 21. Nge4 Nfxe4 22. Nxe4 Rd4 23. Nxc5 Qxc5 24. Rd1 Qxc4 25. Rxd4 Qxd4 26. g3 f5 27. a3 g6 28. Ka2 Qd5+ 29. b3 Qd4 30. a4 Qd5 31. Qe2 e5 32. Qc2 Qc6 33. Qb2 e4 34. Qd4 Kc7 35. Qg7+ Kb6 36. Qd4+ Kc7 37. Qg7+ Kb8 38. Qe5+ Ka7 39. Qd4+ Qb6 40. Qb2 Qc5 41. Qd2 a5 42. Kb2 Ka6 43. Ka2 Kb6 1/2-1/2

[Event "BCF-ch 88th"]
[Site "Scarborough"]
[Date "2001.08.03"]
[Round "5"]
[White "Ledger, Stephen C"]
[Black "Conlon, Joseph P"]
[Result "1/2-1/2"]
[WhiteElo "2196"]
[BlackElo "2191"]
[PlyCount "28"]
[EventDate "2001.07.30"]
[EventType "swiss"]
[EventRounds "11"]
[EventCountry "ENG"]
[SourceTitle "CBM 083 Extra"]
[Source "ChessBase"]
[SourceDate "2001.09.11"]
[SourceVersion "1"]
[SourceVersionDate "2001.09.11"]
[SourceQuality "1"]

1. d4 Nf6 2. Nf3 g6 3. Bf4 d6 4. e3 Bg7 5. h3 Nbd7 6. Be2 0-0 7. 0-0 Qe8 8. c4 e5 9. Bh2 Qe7 10. Nc3 b6 11. b4 Bb7 12. Qb3 Ne4 13. Nxe4 Bxe4 14. Rad1 a5 1/2-1/2

[Event "BCF-ch 88th"]
[Site "Scarborough"]
[Date "2001.07.30"]
[Round "1"]
[White "Ledger, Andrew"]
[Black "Conlon, Joseph P"]
[Result "1-0"]
[WhiteElo "2418"]
[BlackElo "2191"]
[PlyCount "81"]
[EventDate "2001.07.30"]
[EventType "swiss"]
[EventRounds "11"]
[EventCountry "ENG"]
[SourceTitle "CBM 083 Extra"]
[Source "ChessBase"]
[SourceDate "2001.09.11"]
[SourceVersion "1"]
[SourceVersionDate "2001.09.11"]
[SourceQuality "1"]

1. e4 d5 2. exd5 Nf6 3. Nf3 Qxd5 4. Nc3 Qh5 5. Be2 e5 6. d4 exd4 7. Nxd4 Bg4 8. Ndb5 Na6 9. 0-0 Be7 10. Bxg4 Qxg4 11. Qxg4 Nxg4 12. Re1 c6 13. Nd6+ Kd7 14. Nf5 Bc5 15. Ne4 g6 16. Nh6 Nxh6 17. Bxh6 Be7 18. Rad1+ Kc7 19. Bf4+ Kb6 20. Rd7 Rhe8 21. Nc3 Bg5 22. Be3+ Bxe3 23. Rxe3 Rad8 24. Rxf7 Nb4 25. Rxe8 Rxe8 26. g4 Re1+ 27. Kg2 Rc1 28. Rxh7 Rxc2 29. Rd7 Nxa2 30. Nxa2 Rxb2 31. Nc3 Rb3 32. Na4+ Ka5 33. Nc5 Rb4 34. Kg3 b5 35. h4 Rc4 36. Nd3 b4 37. h5 gxh5 38. gxh5 b3 39. h6 Re4 40. Rxa7+ Kb6 41. Rb7+ 1-0

[Event "Maidenhead op"]
[Site "Maidenhead"]
[Date "1995.??.??"]
[Round "?"]
[White "Conlon, Joseph P"]
[Black "Anderton, Matthew"]
[Result "0-1"]
[WhiteElo "2020"]
[BlackElo "2170"]
[PlyCount "68"]
[EventDate "1995.??.??"]
[EventType "swiss"]
[EventRounds "5"]
[EventCountry "ENG"]
[SourceTitle "EXT 1998"]
[Source "ChessBase"]
[SourceDate "1997.11.17"]
[SourceVersion "1"]
[SourceVersionDate "1997.11.17"]
[SourceQuality "1"]

1. e4 e6 2. d4 d5 3. Nc3 Bb4 4. e5 c5 5. a3 Bxc3+ 6. bxc3 Ne7 7. Qg4 Qc7 8. Qxg7 Rg8 9. Qxh7 cxd4 10. Ne2 Nbc6 11. f4 Bd7 12. Qd3 dxc3 13. Qxc3 0-0-0 14. Bd2 d4 15. Qd3 Qb6 16. g3 Nf5 17. Bg2 Nce7 18. 0-0 Bb5 19. Bxb7+ Kxb7 20. Qf3+ Kc8 21. Qf2 Bxe2 22. Qxe2 d3+ 23. Qf2 Nxg3 24. hxg3 Rxg3+ 25. Kh2 Nf5 26. Qxg3 Nxg3 27. Kxg3 Rg8+ 28. Kh3 Qb7 29. Rg1 Qf3+ 30. Kh4 Rh8+ 31. Kg5 Qh5+ 32. Kf6 Qh6+ 33. Kxf7 Rh7+ 34. Kg8 Rd7 0-1

[Event "Isle of Man op"]
[Site "Isle of Man"]
[Date "1995.??.??"]
[Round "9"]
[White "Conlon, Joseph P"]
[Black "Bellin, Jana"]
[Result "0-1"]
[WhiteElo "2040"]
[BlackElo "2210"]
[PlyCount "94"]
[EventDate "1995.10.??"]
[EventType "swiss"]
[EventRounds "9"]
[EventCountry "IOM"]
[SourceTitle "EXT 1998"]
[Source "ChessBase"]
[SourceDate "1997.11.17"]
[SourceVersion "1"]
[SourceVersionDate "1997.11.17"]
[SourceQuality "1"]

1. e4 c5 2. Nf3 e6 3. d4 cxd4 4. Nxd4 a6 5. Bd3 Nf6 6. 0-0 d6 7. Qe2 Nbd7 8. f4 g6 9. Nc3 Bg7 10. Be3 0-0 11. Rad1 Qc7 12. Nb3 b5 13. a3 Bb7 14. g4 Nc5 15. e5 Nfd7 16. Nxc5 Nxc5 17. exd6 Qc6 18. Bxc5 Qxc5+ 19. Rf2 Rad8 20. Be4 Bxc3 21. bxc3 Bxe4 22. Qxe4 Rxd6 23. Rxd6 Qxd6 24. f5 exf5 25. gxf5 Qxa3 26. Qe3 Rd8 27. f6 h5 28. Kg2 Qd6 29. Qh6 Qf8 30. Qf4 Kh7 31. Qc7 Qe8 32. Qe7 Qc6+ 33. Kg3 Qd5 34. h4 Kg8 35. Qe3 Rd6 36. Qe8+ Kh7 37. Rd2 Qe6 38. Qxe6 Rxe6 39. Rf2 g5 40. hxg5 Kg6 41. Kf4 Rc6 42. Ke5 Rxc3 43. Kd6 h4 44. Re2 Kxg5 45. Ke7 Kg6 46. Re4 Rc4 47. Re1 Rg4 0-1

[Event "Aberdeen op"]
[Site "Aberdeen"]
[Date "1994.??.??"]
[Round "1"]
[White "Conlon, Joseph P"]
[Black "Cobb, Charles"]
[Result "1/2-1/2"]
[WhiteElo "1845"]
[BlackElo "2160"]
[PlyCount "59"]
[EventDate "1994.??.??"]
[EventType "swiss"]
[EventRounds "6"]
[EventCountry "SCO"]
[SourceTitle "EXT 2000"]
[Source "ChessBase"]
[SourceDate "1999.11.16"]
[SourceVersion "1"]
[SourceVersionDate "1999.11.16"]
[SourceQuality "1"]

1. e4 e6 2. d4 d5 3. Nc3 Nf6 4. Bg5 Be7 5. e5 Nfd7 6. Bxe7 Qxe7 7. f4 0-0 8. Nf3 c5 9. Be2 Nc6 10. g3 f6 11. exf6 Nxf6 12. Qd3 Nb4 13. Qd2 Ne4 14. Nxe4 dxe4 15. Ng5 e3 16. Qc3 cxd4 17. Qb3 h6 18. Nf3 Nc6 19. Rd1 Kh8 20. Nxd4 Rxf4 21. Qxe3 Rxd4 22. Rxd4 Nxd4 23. Qxd4 Bd7 24. 0-0 e5 25. Qe3 Bc6 26. c3 a6 27. Bh5 Qe6 28. Bf7 Qh3 29. Rf2 Rf8 30. Be6 1/2-1/2